| 000 | 00499nam a2200169Ia 4500 | ||
|---|---|---|---|
| 999 |
_c22100 _d22100 |
||
| 003 | OSt | ||
| 005 | 20200320152115.0 | ||
| 008 | 190216s9999||||xx |||||||||||||| ||und|| | ||
| 040 | _coclc | ||
| 082 |
_a297.63 _bHAY/L |
||
| 100 |
_aHaykal, Muhammad Husayn _91882 |
||
| 245 | 4 |
_aThe Life Of Muhammad / _cMuhammad Husayn Haykal |
|
| 260 |
_bCrescent Publishing, _c1976. _aDelhi: |
||
| 300 | _a632p | ||
| 650 | _aIslamic History | ||
| 942 |
_cBK _2ddc _h297.63 _iHAY/L _k297.63 _mHAY/L |
||